[Event "Titled Tue 29th Aug Early"]
[Site "chess.com INT"]
[Date "2023.08.29"]
[Round "4"]
[White "Krzyzanowski, M."]
[Black "Demchenko, A."]
[Result "1-0"]
[WhiteElo "2512"]
[BlackElo "2619"]
[PlyCount "99"]
[EventDate "2023.08.29"]

1. Nf3 Nf6 2. g3 b5 3. Bg2 Bb7 4. O-O e6 5. d3 d6 6. e4 c5 7. a4 b4 8. Re1 Be7 9. Nbd2 O-O 10. Nc4 Qc7 $146 ({RR} 10... Nc6 11. e5 dxe5 12. Nfxe5 Qc8 13. Nxc6 Bxc6 14. Bg5 Bxg2 15. Bxf6 Bxf6 16. Kxg2 Qc6+ 17. Qf3 Qxf3+ 18. Kxf3 Rfd8 19. Rad1 g6 20. b3 Rac8 21. Kg2 h5 22. f4 Kg7 23. Kf3 Rd7 24. h3 Rh8 25. Re4 {Chigaev,M (2644)-Lenderman,A (2648) chess24.com INT 2020 0-1 (62)}) ({RR} 10... Nbd7 11. Bf4 d5 12. Nd6 Bc6 13. Ng5 Nb6 14. Ndxf7 Rxf7 15. Bh3 Bd7 16. a5 e5 17. axb6 Bxh3 18. b7 Rb8 19. Bxe5 Rxb7 20. Nxh3 Qd7 21. Nf4 dxe4 22. dxe4 Ng4 23. Qd5 Nxe5 24. Qxe5 Bd6 25. Qd5 {Carlsen,M (2876)-Vachier Lagrave,M (2723) Stavanger 2015 0-1 (74)}) ({RR} 10... Nc6 11. Bf4 Rc8 12. h4 Re8 13. e5 dxe5 14. Nfxe5 Nd5 15. Qg4 Nd4 16. c3 Nf6 17. Qd1 Bxg2 18. Kxg2 Qd5+ 19. Kh2 Nf5 20. Qe2 h6 21. h5 Nd6 22. Rad1 Rcd8 23. Na5 Rc8 24. Nac6 bxc3 25. bxc3 {Divya,D (2490)-Oro,F (2447) Wijk aan Zee NED 2025 0-1 (71)}) 11. c3 bxc3 12. bxc3 Nbd7 13. a5 Rab8 14. h4 Ba6 15. Bg5 Rfe8 16. Qc2 h6 17. Bf4 e5 18. Bd2 Rb7 19. Ne3 Reb8 20. Bc1 Bf8 21. Bh3 c4 22. d4 exd4 23. cxd4 Re8 24. Nd1 Rb3 25. Nd2 Rbb8 26. Nc3 g6 27. Ba3 Bg7 28. Nf3 Rb3 29. Nd2 Rbb8 30. Kh2 h5 31. f3 Bh6 32. f4 Bg7 33. e5 Ng4+ 34. Bxg4 hxg4 35. Bxd6 Qc8 36. Bxb8 Nxb8 37. d5 Nd7 38. Nde4 Nc5 39. Nd6 Qd8 40. Nxe8 Qxe8 41. Ne4 Nd3 42. Reb1 Qd8 43. d6 Nxf4 44. Qf2 Nd3 45. Nf6+ Kh8 46. Qe3 Bxf6 47. exf6 Kh7 48. Qe7 Qg8 49. Rb8 Qxb8 50. Qxf7+ 1-0

[Event "Titled Tue 29th Aug Early"]
[Site "chess.com INT"]
[Date "2023.08.29"]
[Round "5"]
[White "Svane, R."]
[Black "Mekhitarian, K."]
[Result "1-0"]
[WhiteElo "2631"]
[BlackElo "2540"]
[PlyCount "193"]
[EventDate "2023.08.29"]

1. Nf3 d5 2. g3 Nc6 3. d4 Bf5 4. Bg2 Nb4 5. Na3 e6 6. O-O Be7 7. c3 Nc6 8. Qb3 Rb8 9. Re1 Nf6 10. Bg5 O-O 11. Bxf6 Bxf6 12. Nd2 Be7 13. e4 dxe4 14. Nxe4 Bg6 $146 ({RR} 14... a6 15. Nc4 b5 16. Ne3 Bg6 17. Rad1 Na5 18. Qc2 c6 19. Qe2 Nb7 20. h4 h6 21. Ng4 Bh5 22. Nxh6+ gxh6 23. Qxh5 Kg7 24. Nc5 Nxc5 25. dxc5 Qc7 26. Rd4 Rh8 27. Rg4+ Kf8 28. Rf4 Rh7 29. Bh3 {Svane,R (2637)-Sadhwani,R (2616) Chess.com INT 2022 1-0 (41)}) 15. Nc4 b5 16. Ne3 Na5 17. Qd1 c6 18. b4 Nb7 19. a4 a6 20. h4 h6 21. Nd2 a5 22. axb5 cxb5 23. h5 Bh7 24. Bxb7 Rxb7 25. Rxa5 Qc7 26. Ra3 Rc8 27. Qe2 Qb8 28. Rea1 Rbc7 29. Qf3 Qb7 30. Qxb7 Rxb7 31. Ra8 Rbc7 32. Rxc8+ Rxc8 33. Ra3 Bd3 34. Nf3 Be2 35. Ne5 Bxh5 36. g4 Bg6 37. Nxg6 fxg6 38. Kf1 Bg5 39. Ke2 h5 40. Kd3 h4 41. Ra1 Rf8 42. Ke2 Rc8 43. Kd3 Bf4 44. Ng2 g5 45. Nxf4 gxf4 46. g5 Kf7 47. Rh1 Kg6 48. Rxh4 Kxg5 49. Rh1 Kf5 50. Re1 Rb8 51. f3 Kf6 52. Re5 g5 53. Ke4 Ra8 54. Rxb5 Ra1 55. Re5 Rc1 56. Kd3 Rd1+ 57. Ke2 Rc1 58. Rc5 Rc2+ 59. Ke1 Rc1+ 60. Kd2 Rf1 61. Ke2 Rb1 62. b5 Rb2+ 63. Ke1 Rb1+ 64. Kd2 Rf1 65. Ke2 Rb1 66. c4 Rb3 67. Rc6 Kf5 68. b6 g4 69. fxg4+ Kxg4 70. Rxe6 Rb2+ 71. Kd3 f3 72. c5 Kg5 73. Re8 f2 74. Rf8 Kg4 75. d5 Kg3 76. d6 Rb3+ 77. Kc4 Rf3 78. Rxf3+ Kxf3 79. Kd5 f1=Q 80. d7 Qb5 81. Kd6 Qd3+ 82. Kc7 Qh7 83. b7 Qh2+ 84. Kc8 Qh3 85. c6 Qe6 86. c7 Qg8+ 87. d8=Q Qg4+ 88. Kb8 Qf4 89. Qd7 Qe5 90. Kc8 Qh8+ 91. Qd8 Qh3+ 92. Kb8 Qg3 93. Qd5+ Ke2 94. Ka8 Qxc7 95. b8=Q Qc3 96. Qbb3 Qa5+ 97. Qxa5 1-0

[Event "Titled Tue 29th Aug Early"]
[Site "chess.com INT"]
[Date "2023.08.29"]
[Round "6"]
[White "Jacobson, Brandon"]
[Black "Martinez Alcantara, Jose Eduardo"]
[Result "1-0"]
[WhiteElo "2537"]
[BlackElo "2619"]
[PlyCount "137"]
[EventDate "2023.08.29"]

1. Nf3 c5 2. c4 Nc6 3. Nc3 g6 4. e3 Bg7 5. d4 d6 6. Be2 e6 7. O-O Nge7 ({RR} 7... Nf6 8. b3 O-O 9. Bb2 b6 10. Qd2 Bb7 11. d5 exd5 12. cxd5 Nb4 13. e4 Re8 14. a3 Na6 15. Bd3 Nc7 16. Rfe1 Qd7 17. Rad1 Ng4 18. a4 a6 19. Nb1 f6 20. Na3 b5 21. h3 Nh6 22. Bxf6 {Wang,Y (2705)-Kamsky,G (2763) Beijing 2013 1-0 (81)}) ({RR} 7... cxd4 8. exd4 d5 9. Bg5 Nge7 10. Re1 O-O 11. cxd5 exd5 12. Bb5 f6 13. Bf4 a6 14. Bf1 g5 15. Be3 b5 16. Rc1 Bf5 17. Bd3 Qd7 18. h3 Rac8 19. a4 Bxd3 20. Qxd3 Nb4 21. Qd1 Kh8 22. Ra1 {Mikhalevski,V (2506)-Kozak,A (2601) chess.com INT 2025 0-1 (55)}) ({RR} 7... cxd4 8. exd4 Nge7 9. d5 exd5 10. cxd5 Ne5 11. Nxe5 Bxe5 12. Bb5+ Bd7 13. Bxd7+ Qxd7 14. Re1 O-O 15. Qd3 Nf5 16. Bd2 Rfe8 17. Rac1 Rac8 18. b3 Rc7 19. Nb5 Rxc1 20. Rxc1 a6 21. Nc3 Rc8 22. Ne4 {Grandelius,N (2639)-Martinez Alcantara,J (2606) chess.com INT 2025 0-1 (50)}) 8. d5 exd5 9. cxd5 Na5 $146 ({RR} 9... Ne5 10. Nd2 f5 11. f4 Nf7 12. Nc4 a6 13. a4 b6 14. Bd2 O-O 15. Rb1 Bxc3 16. bxc3 Nxd5 17. Bf3 Be6 18. Be1 Nxc3 19. Bxc3 Bxc4 20. Bxa8 Qxa8 21. Rf3 b5 22. Qc1 h6 23. Ba1 Kh7 24. Qc3 {Moreno Ruiz,J (2466)-Rubio Mejia,L (2327) Alcala de Henares 2007 1-0 (38)}) 10. Bd2 O-O 11. a3 c4 12. Nd4 Nf5 13. Ncb5 Nxd4 14. Nxd4 Bd7 15. Bxa5 Qxa5 16. Bxc4 Rac8 17. Rc1 Qb6 18. Qd2 Bxd4 19. Qxd4 Qxd4 20. exd4 Rfe8 21. f3 Kg7 22. Kf2 Kf6 23. Rc3 g5 24. Rfc1 h6 25. Bd3 Rxc3 26. bxc3 b5 27. Rb1 Rc8 28. Bxb5 Bxb5 29. Rxb5 Rxc3 30. Ra5 Rc7 31. Ra6 Ke7 32. Kg3 f5 33. Rc6 Rb7 34. Rc8 a5 35. Rh8 Rb5 36. Rh7+ Kf8 37. Rxh6 Rxd5 38. Rg6 f4+ 39. Kg4 Rxd4 40. Rxg5 Ra4 41. Rf5+ Ke7 42. h4 Rxa3 43. h5 Ra1 44. Kxf4 a4 45. h6 Rh1 46. Kg5 Rh2 47. g4 a3 48. Ra5 a2 49. Kg6 d5 50. h7 d4 51. Rxa2 Rxa2 52. h8=Q Ra6+ 53. Kf5 Rd6 54. Qg7+ Kd8 55. Qf8+ Kd7 56. Qxd6+ Kxd6 57. Ke4 d3 58. Kxd3 Ke5 59. Ke3 Kf6 60. f4 Kg7 61. Ke4 Kf8 62. Kf5 Kg8 63. Kg6 Kf8 64. f5 Kg8 65. f6 Kf8 66. f7 Ke7 67. Kg7 Ke6 68. f8=Q Ke5 69. Qf5+ 1-0

[Event "Titled Tue 29th Aug Early"]
[Site "chess.com INT"]
[Date "2023.08.29"]
[Round "7"]
[White "Esipenko, Andrey"]
[Black "Nesterov, Arseniy"]
[Result "1-0"]
[WhiteElo "2683"]
[BlackElo "2569"]
[PlyCount "63"]
[EventDate "2023.08.29"]

1. Nf3 d5 2. g3 Nf6 3. Bg2 g6 4. b3 Bg7 5. Bb2 O-O 6. c4 c6 7. d3 Re8 8. O-O Bg4 9. Nbd2 Nbd7 10. h3 Bxf3 11. Nxf3 Nh5 ({RR} 11... e5 12. e3 e4 13. dxe4 dxc4 14. e5 Ne4 15. Rc1 c3 16. Bxc3 Nxc3 17. Rxc3 Nxe5 18. Nxe5 Bxe5 19. Qxd8 Rexd8 20. Rc2 a5 21. Rb1 Bd6 22. Bf3 Bb4 23. Rd1 Rxd1+ 24. Bxd1 Rd8 25. Be2 Rd2 26. Rxd2 {Radjabov,T (2757)-Leko,P (2762) Nanjing 2009 ½-½ (34)}) ({RR} 11... e5 12. cxd5 cxd5 13. Rc1 Qb6 14. e3 Bf8 15. Rc2 Qa6 16. Qe2 e4 17. dxe4 Qxe2 18. Rxe2 dxe4 19. Nd2 Rac8 20. Rd1 Rc7 21. g4 h6 22. h4 g5 23. hxg5 hxg5 24. Nc4 b5 25. Nd6 Bxd6 26. Rxd6 {Brunello,S (2494)-Maltsevskaya,A (2376) Eforie Nord ROU 2025 ½-½ (54)}) 12. d4 Nhf6 13. Qc2 e6 14. Rfd1 $146 ({RR} 14. e3 b5 15. cxb5 cxb5 16. Rfc1 Rc8 17. Qd3 Qb6 18. Bf1 a6 19. a4 bxa4 20. Rxa4 a5 21. Rca1 Rb8 22. Nd2 Ne4 23. Nxe4 dxe4 24. Qxe4 Qxb3 25. Bc1 e5 26. Bc4 Qd1+ 27. Kg2 exd4 28. Bxf7+ Kxf7 {Tabatabaei,M (2696)-Popov,K (2376) chess.com INT 2023 1-0 (40)}) 14... a6 15. Ne1 Rc8 16. Nd3 h5 17. e3 Qc7 18. Rac1 Qb8 19. a4 Rcd8 20. Bc3 Ne4 21. Be1 f5 22. b4 Nb6 23. cxd5 cxd5 24. Qc7 Nxa4 25. Qa5 b5 26. Qxa6 Rd6 27. Rc6 Rxc6 28. Qxc6 Kf7 29. Rc1 Nd6 30. Nf4 Qc8 31. Bxd5 exd5 32. Qxd5+ 1-0

[Event "Titled Tue 29th Aug Early"]
[Site "chess.com INT"]
[Date "2023.08.29"]
[Round "8"]
[White "Nihal, Sarin"]
[Black "Chigaev, M."]
[Result "1-0"]
[WhiteElo "2684"]
[BlackElo "2616"]
[PlyCount "65"]
[EventDate "2023.08.29"]

1. Nf3 Nf6 2. b3 d5 3. Bb2 e6 4. e3 b6 5. c4 Bb7 6. Nc3 Be7 7. Rc1 ({RR} 7. cxd5 exd5 8. d4 Nbd7 9. g3 O-O 10. Bg2 Re8 11. O-O Bf8 12. Qc2 Rc8 13. Rfd1 a6 14. Ne1 Ne4 15. Nd3 Ndf6 16. Rac1 Bd6 17. Nxe4 Nxe4 18. Qe2 Qd7 19. Ne5 Qe6 20. Nd3 f6 21. Nf4 Qf7 {So,W (2812)-Bacrot,E (2708) Paris 2017 1-0 (42)}) 7... O-O ({RR} 7... a6 8. cxd5 exd5 9. Ne2 O-O 10. Nf4 c5 11. d4 Nbd7 12. Be2 Re8 13. O-O Nf8 14. dxc5 bxc5 15. Bxf6 Bxf6 16. Rxc5 Ne6 17. Nxe6 fxe6 18. Qd2 Qd6 19. Rfc1 Rac8 20. Rxc8 Rxc8 21. Rxc8+ Bxc8 22. Qc2 {Meshkovs,N (2532)-Hryzlova,S (2258) chess.com INT 2025 1-0 (40)}) 8. cxd5 exd5 9. Ne2 $146 ({RR} 9. Bd3 c5 10. Ne2 Nc6 11. O-O Ne4 12. Bb1 Bf6 13. Bxf6 Qxf6 14. Nf4 Ne5 15. Nxe5 Qxe5 16. d4 cxd4 17. Qxd4 Qxd4 18. exd4 Rac8 19. f3 Nd6 20. Bd3 g6 21. g4 Rxc1 22. Rxc1 Rc8 23. Rd1 Kf8 {Jumabayev,R (2585)-Bai,A (2395) Doha QAT 2023 1-0 (69)}) 9... Re8 10. g3 c5 11. Bg2 Nbd7 12. O-O Nf8 13. d4 Ng6 14. dxc5 bxc5 15. Bxf6 gxf6 16. h4 Rc8 17. h5 Ne5 18. Nf4 Bf8 19. Nh4 Ba6 20. Bxd5 Bxf1 21. Kxf1 Kh8 22. Nf5 Qd7 23. e4 Red8 24. Kg2 c4 25. bxc4 Bc5 26. Qh1 Rg8 27. Qh4 Rg5 28. Rb1 Bb6 29. Nh3 Rxf5 30. exf5 Qxf5 31. Rb3 Rd8 32. Be4 Qe6 33. Nf4 1-0

[Event "Titled Tue 29th Aug Early"]
[Site "chess.com INT"]
[Date "2023.08.29"]
[Round "8"]
[White "Esipenko, Andrey"]
[Black "Demchenko, A."]
[Result "1-0"]
[WhiteElo "2683"]
[BlackElo "2619"]
[PlyCount "111"]
[EventDate "2023.08.29"]

1. Nf3 Nf6 2. g3 g6 3. Bg2 Bg7 4. b3 O-O 5. Bb2 d6 6. c4 e5 7. d3 a5 8. O-O Re8 9. Nc3 c6 ({RR} 9... Nc6 10. Qd2 Bf5 11. Ng5 Qd7 12. Rad1 h6 13. Nge4 Nxe4 14. dxe4 Bh3 15. Bxh3 Qxh3 16. Nd5 Rac8 17. f3 h5 18. e3 h4 19. g4 Nd8 20. Qg2 Qxg2+ 21. Kxg2 Ne6 22. Kh3 g5 23. Kg2 a4 24. b4 {Brancaleoni,M (2180)-Lin,B (2143) chess.com INT 2024 0-1 (72)}) 10. a3 Na6 11. b4 axb4 $146 ({RR} 11... d5 12. cxd5 cxd5 13. Nd2 axb4 14. axb4 Be6 15. b5 Nc5 16. Rxa8 Qxa8 17. Qa1 Qb8 18. Na4 Ncd7 19. Rc1 d4 20. Ba3 Bh6 21. Rc2 Qa7 22. Bb4 Ra8 23. Qa3 Bf8 24. Bxf8 Nxf8 25. Nc4 Qxa4 26. Qxa4 {Nihal,S (2650)-Rapport,R (2763) Chess.com INT 2021 ½-½ (64)}) 12. axb4 Bd7 13. Qb3 Nc7 14. Nd2 Qe7 15. e3 h5 16. h3 Ne6 17. Kh2 Nh7 18. Na4 Qd8 19. Ne4 Qc7 20. c5 dxc5 21. Naxc5 Rxa1 22. Rxa1 Bc8 23. b5 Nxc5 24. Nxc5 Ng5 25. bxc6 bxc6 26. Qa4 Ne6 27. Qxc6 Qxc6 28. Bxc6 Rd8 29. Nxe6 Bxe6 30. Ra8 Rxa8 31. Bxa8 Bf5 32. d4 exd4 33. exd4 Bf6 34. Kg2 Kg7 35. h4 Bd7 36. Kf3 Bg4+ 37. Kf4 Bd7 38. Be4 Kg8 39. Ke3 g5 40. hxg5 Bxg5+ 41. f4 Bf6 42. Bf3 h4 43. g4 h3 44. g5 Be7 45. Kf2 Bd6 46. Kg3 f6 47. gxf6 Kf7 48. d5 Bf5 49. Be5 Bb4 50. Bh5+ Kg8 51. d6 Be1+ 52. Kh2 Bb4 53. Be8 Kf8 54. d7 Ba5 55. Bd6+ Kg8 56. f7+ 1-0

[Event "Titled Tue 29th Aug Early"]
[Site "chess.com INT"]
[Date "2023.08.29"]
[Round "10"]
[White "Krzyzanowski, M."]
[Black "Zhigalko, S."]
[Result "1-0"]
[WhiteElo "2512"]
[BlackElo "2572"]
[PlyCount "95"]
[EventDate "2023.08.29"]

1. Nf3 d5 2. g3 c6 3. Bg2 Bg4 4. O-O e6 5. c4 Nf6 6. d3 Be7 7. Nc3 O-O 8. Qb3 ({RR} 8. cxd5 cxd5 9. Qb3 Qb6 10. Qxb6 axb6 11. Ne5 Bh5 12. e4 d4 13. Nb5 Bc5 14. f3 Nc6 15. Nc4 Nb4 16. Rd1 Nc2 17. Rb1 Rxa2 18. g4 Bg6 19. Nba3 Ne3 20. Bxe3 dxe3 21. d4 Bxa3 22. Nxa3 Nd5 {Mkrtchyan,M (2344)-Gunina,V (2437) FIDE Online Arena INT 2024 1-0 (58)}) 8... Qb6 9. Qc2 Nbd7 10. Be3 $146 ({RR} 10. Bf4 Qa6 11. cxd5 cxd5 12. h3 Bh5 13. e4 Rac8 14. e5 Ne8 15. d4 Nc7 16. Rfc1 Nb8 17. Qd2 Nc6 18. g4 Bg6 19. Bf1 Qa5 20. a3 Na8 21. h4 Qd8 22. h5 Be4 23. Ng5 Nb6 24. Ngxe4 dxe4 {Andriasian,Z (2603)-Debashis,D (2504) Dubai 2014 1-0 (63)}) 10... Qa6 11. b3 Rfd8 12. h3 Bxf3 13. exf3 Nf8 14. Ne2 Rd7 15. f4 Rad8 16. Kh2 h5 17. a4 Qa5 18. Bd2 Bb4 19. Bxb4 Qxb4 20. c5 d4 21. a5 h4 22. Ra4 Qb5 23. Rfa1 Qa6 24. Qc4 Qxc4 25. Rxc4 hxg3+ 26. fxg3 a6 27. Raa4 Nd5 28. Rxd4 Ng6 29. Be4 Nge7 30. g4 f5 31. Bf3 Kf7 32. Kg3 g6 33. Ra1 Nc7 34. Rxd7 Rxd7 35. d4 Nb5 36. Rd1 Rd8 37. g5 Nd5 38. Bxd5 exd5 39. Kf3 Re8 40. Ng3 Re7 41. h4 Nc3 42. Rh1 Nb5 43. h5 Nxd4+ 44. Kf2 gxh5 45. Rxh5 Kg7 46. Rh6 Rf7 47. Nh5+ Kg8 48. Rd6 1-0

[Event "Titled Tue 29th Aug Early"]
[Site "chess.com INT"]
[Date "2023.08.29"]
[Round "10"]
[White "Nihal, Sarin"]
[Black "Lazavik, Denis"]
[Result "1-0"]
[WhiteElo "2684"]
[BlackElo "2560"]
[PlyCount "113"]
[EventDate "2023.08.29"]

1. Nf3 d5 2. b3 c6 3. Bb2 Nf6 4. g3 Bf5 5. Bg2 e6 6. O-O Be7 7. c4 O-O 8. d3 h6 9. Nbd2 Nbd7 10. a3 a5 11. Qc2 Bh7 12. Bc3 c5 13. cxd5 ({RR} 13. e4 dxe4 14. dxe4 Nb8 15. Qb2 Nc6 16. Rfe1 Qb6 17. Ne5 Nxe5 18. Bxe5 Rfd8 19. Bc3 Bf8 20. Rad1 Nd7 21. a4 Nb8 22. Nb1 Nc6 23. Na3 Nd4 24. Nb5 e5 25. Rb1 Bg6 26. Re3 Rd7 27. Be1 Nxb5 {Vukic,M (2341)-Zlatarevic,I (1974) Neum BIH 2024 1-0 (56)}) 13... exd5 14. e4 ({RR} 14. a4 Re8 15. Rfe1 Rc8 16. Rad1 Nb8 17. Bh3 Rc6 18. e4 Na6 19. Ne5 Rd6 20. Nxf7 Kxf7 21. e5 Rc6 22. exf6 Bxf6 23. Nf3 Nb4 24. Bxb4 axb4 25. Rxe8 Qxe8 26. Re1 Qb8 27. Bd7 Rc7 28. Be6+ Kf8 {Nihal,S (2620)-Shankland,S (2691) chess24.com INT 2020 ½-½ (96)}) 14... dxe4 15. dxe4 b5 $146 ({RR} 15... Re8 16. Rfe1 Bf8 17. Re2 b5 18. Rae1 a4 19. Bb2 Qb6 20. bxa4 Rxa4 21. h3 c4 22. Qc3 Nc5 23. e5 Nd5 24. Qd4 Rd8 25. Qg4 c3 26. Bxc3 Rxg4 {0-1 (26) Ovchinnikov,V (2426)-Lazavik,D (2553) chess.com INT 2023}) 16. a4 b4 17. Bb2 Re8 18. Rfe1 Bf8 19. Rad1 Qc7 20. Bh3 Qc6 21. Bf5 Bxf5 22. exf5 Rxe1+ 23. Rxe1 Qd5 24. Bxf6 Nxf6 25. Kg2 Re8 26. Rxe8 Nxe8 27. Nc4 Nd6 28. Nxa5 Nxf5 29. Nc4 Qxf3+ 30. Kxf3 Nd4+ 31. Ke4 Nxc2 32. a5 Na3 33. Kd5 Nb5 34. Kc6 Nd6 35. Nxd6 Bxd6 36. Kxd6 c4 37. bxc4 b3 38. a6 b2 39. a7 b1=Q 40. a8=Q+ Kh7 41. c5 Qb4 42. Qd5 Qb8+ 43. Kd7 Qa7+ 44. Ke8 Qb8+ 45. Kd7 Qa7+ 46. Kc8 Qa6+ 47. Qb7 Qe6+ 48. Qd7 Qa6+ 49. Kb8 Qa5 50. c6 Qb6+ 51. Kc8 Qa6+ 52. Qb7 Qa4 53. Kb8 Qd4 54. c7 Qd6 55. Qb1+ g6 56. Qb5 Qe7 57. c8=Q 1-0

[Event "Titled Tue 29th Aug Early"]
[Site "chess.com INT"]
[Date "2023.08.29"]
[Round "10"]
[White "Esipenko, Andrey"]
[Black "Anton Guijarro, D."]
[Result "1-0"]
[WhiteElo "2683"]
[BlackElo "2693"]
[PlyCount "145"]
[EventDate "2023.08.29"]

1. Nf3 d5 2. g3 c6 3. Bg2 Bg4 4. O-O e6 5. h3 Bh5 6. d3 ({RR} 6. d4 Nf6 7. c4 Nbd7 8. cxd5 exd5 9. Qb3 Qb6 10. Qe3+ Be7 11. Nh4 Bg6 12. Nc3 Kf8 13. Nxg6+ hxg6 14. Qd3 Re8 15. Rb1 Kg8 16. b4 a6 17. Re1 Nf8 18. e4 dxe4 19. Nxe4 Nxe4 20. Rxe4 Qd8 {Vachier Lagrave,M (2758)-Kramnik,V (2777) Berlin 2015 ½-½ (63)}) 6... Bd6 7. Nbd2 Ne7 8. Qe1 $146 ({RR} 8. b3 Nd7 9. Bb2 f6 10. Qe1 e5 11. e4 O-O 12. d4 exd4 13. exd5 Bb4 14. Nxd4 Re8 15. dxc6 Nxc6 16. Qc1 Nxd4 17. Bxd4 Ne5 18. c3 Nd3 19. Qc2 Be2 20. Nf3 Bc5 21. Rfb1 Qb6 22. Bf1 Nf4 {Schmidt,W-Marszalek,R Gdynia 1973 1-0}) ({RR} 8. e4 O-O 9. Re1 a5 10. a4 Nd7 11. Qe2 Re8 12. g4 Bg6 13. e5 Bc7 14. Nf1 c5 15. c3 Nc6 16. Bf4 f6 17. d4 cxd4 18. cxd4 fxe5 19. dxe5 Rf8 20. Bg3 Nc5 21. Nh4 Be4 22. f4 Nd3 {Budrewicz,K (2185)-Zhigalko,S (2572) chess.com INT 2025 0-1 (33)}) ({RR} 8. e4 O-O 9. Qe1 a5 10. Nh4 Ng6 11. Ndf3 Nd7 12. Nxg6 Bxg6 13. Nh4 Be7 14. Nxg6 hxg6 15. f4 a4 16. a3 Qb6+ 17. Kh2 Rfe8 18. e5 Rac8 19. Qe2 Qc7 20. h4 b5 21. Bf3 c5 22. Kg2 c4 {Esipenko,A (2683)-Zhigalko,S (2572) chess.com INT 2023 1-0 (36)}) 8... a5 9. e4 a4 10. a3 O-O 11. Nh4 e5 12. Ndf3 f6 13. Nh2 Nd7 14. f4 dxe4 15. dxe4 exf4 16. gxf4 Qc7 17. Ng4 Rae8 18. Qg3 Kh8 19. Qf2 Bc5 20. Be3 Bxe3 21. Nxe3 Nc5 22. Rae1 Ng6 23. Nef5 Ne6 24. Nxg6+ Bxg6 25. Ng3 Bf7 26. h4 b6 27. Kh1 Rd8 28. Re2 Rfe8 29. h5 Nc5 30. Re3 Be6 31. h6 gxh6 32. Nh5 Qf7 33. Qh4 Rf8 34. Rg3 Bc4 35. Rg1 Rg8 36. Rxg8+ Rxg8 37. Nxf6 Rf8 38. e5 Nd7 39. Nxd7 Qxd7 40. Qxh6 Qf7 41. Bxc6 Bd5+ 42. Bxd5 Qxd5+ 43. Rg2 Qf7 44. e6 Qe7 45. Re2 Rf6 46. Qg5 h6 47. Qh4 Kh7 48. Kh2 Kg7 49. Qg4+ Kf8 50. f5 h5 51. Qg5 Ke8 52. Qg8+ Rf8 53. Qg6+ Kd8 54. Rd2+ Kc8 55. Kh3 Qc7 56. f6 Qe5 57. e7 Qe3+ 58. Qg3 Qe6+ 59. Kh2 Re8 60. Qf4 Kb7 61. Qf3+ Ka7 62. Re2 Qd6+ 63. Kh3 Qd7+ 64. Kh4 Qd4+ 65. Kh3 Qd7+ 66. Kh4 Qd4+ 67. Kg5 Rg8+ 68. Kh6 Qd6 69. e8=Q Rxe8 70. Rxe8 h4 71. Re7+ Ka6 72. Qe2+ b5 73. Qe6 1-0

[Event "Titled Tue 29th Aug Late"]
[Site "chess.com INT"]
[Date "2023.08.29"]
[Round "2"]
[White "Suleymanli, Aydin"]
[Black "Nanu, C."]
[Result "1-0"]
[WhiteElo "2586"]
[BlackElo "2524"]
[PlyCount "98"]
[EventDate "2023.08.29"]

1. Nf3 d5 2. g3 Nf6 3. Bg2 Bg4 4. O-O Nbd7 5. c4 ({RR} 5. h3 Bxf3 6. Bxf3 e5 7. c4 c6 8. cxd5 cxd5 9. d3 Be7 10. Nc3 d4 11. Nb5 a6 12. Na3 Rb8 13. Bd2 b5 14. Rc1 O-O 15. Rc6 e4 16. dxe4 Ne5 17. Rc1 d3 18. Bg2 dxe2 19. Qxe2 Qd3 {Kramnik,V (2801)-Shirov,A (2684) Zuerich 2016 1-0 (31)}) 5... c6 ({RR} 5... Bxf3 6. Bxf3 Ne5 7. Bxd5 Nxd5 8. cxd5 Qxd5 9. Nc3 Qd7 10. d4 Ng6 11. e4 h5 12. h4 O-O-O 13. Be3 e5 14. d5 Kb8 15. Rc1 Bd6 16. a4 a6 17. Kg2 f5 18. exf5 Qxf5 19. Qf3 Ne7 20. Qxf5 {Shafer,L (2162)-Annaberdiev,M (2449) chess.com INT 2025 0-1 (67)}) 6. Qc2 e6 7. d4 $146 ({RR} 7. h3 Bxf3 8. Bxf3 Bd6 9. d4 Qc7 10. c5 Be7 11. Bf4 Qd8 12. Nc3 h6 13. b4 g5 14. Bd2 e5 15. dxe5 Nxe5 16. Bg2 Nc4 17. Rfd1 a5 18. a3 Nxd2 19. Qxd2 O-O 20. Rab1 axb4 21. axb4 Re8 {Yip,C (2421)-Coleman,T (2333) Chess.com INT 2021 0-1 (61)}) 7... Bd6 8. Nc3 O-O 9. e4 dxe4 10. Nxe4 Bf5 11. Nxf6+ Nxf6 12. Qe2 Re8 13. h3 h6 14. Bd2 Qe7 15. a3 a5 16. b4 axb4 17. c5 Bc7 18. axb4 Nd5 19. b5 cxb5 20. Qxb5 b6 21. c6 Qf6 22. Rfe1 h5 23. Rxa8 Rxa8 24. Bg5 Qg6 25. Bd2 Bd3 26. Qb3 b5 27. Nh4 Bc4 28. Qxc4 bxc4 29. Nxg6 fxg6 30. Rxe6 c3 31. Bg5 Ra5 32. Be4 Nf6 33. Bxf6 gxf6 34. Rxf6 Rg5 35. Kg2 h4 36. g4 Kg7 37. Re6 Ra5 38. Rxg6+ Kf7 39. Rh6 Ra2 40. Rh7+ Ke6 41. Rxc7 c2 42. d5+ Kd6 43. Rd7+ Ke5 44. Re7+ Kd4 45. Bxc2 Rxc2 46. d6 Rxc6 47. Re1 Rxd6 48. Rd1+ Ke5 49. Rxd6 Kxd6 1-0

[Event "Titled Tue 29th Aug Late"]
[Site "chess.com INT"]
[Date "2023.08.29"]
[Round "4"]
[White "Nihal, Sarin"]
[Black "Anton Guijarro, D."]
[Result "1-0"]
[WhiteElo "2684"]
[BlackElo "2693"]
[PlyCount "81"]
[EventDate "2023.08.29"]

1. Nf3 d5 2. b3 c6 3. Bb2 Bg4 4. e3 Nd7 5. c4 e6 6. h3 Bh5 7. d4 Ngf6 8. Nbd2 Bd6 9. Bd3 O-O 10. O-O $146 ({RR} 10. Qc2 Qe7 11. Ne5 Bg6 12. Nxg6 hxg6 13. O-O e5 14. e4 dxe4 15. Bxe4 Rfe8 16. dxe5 Bxe5 17. Bd3 Bxb2 18. Qxb2 a5 19. Nf3 a4 20. b4 a3 21. Qb3 Ne5 22. Be2 Nfd7 23. Rac1 c5 24. b5 Nf8 {Agopov,M (2399)-Nielsen,P (2578) Bergen 2000 0-1 (40)}) 10... a5 11. a3 Qe7 12. Qc2 Bg6 13. Bxg6 hxg6 14. e4 dxe4 15. Nxe4 Nxe4 16. Qxe4 c5 17. d5 e5 18. Rfe1 f5 19. Qh4 Qxh4 20. Nxh4 Kf7 21. Nf3 Rfe8 22. Ng5+ Kg8 23. a4 Re7 24. Ne6 e4 25. f3 exf3 26. gxf3 Rae8 27. Kf2 Nf8 28. Nxf8 Kxf8 29. Rxe7 Rxe7 30. Rg1 Kf7 31. h4 Bf4 32. Bc1 Bxc1 33. Rxc1 Kf6 34. Re1 Rxe1 35. Kxe1 Ke5 36. Kf2 g5 37. f4+ gxf4 38. h5 Kf6 39. Kg2 g5 40. h6 Kg6 41. d6 1-0

[Event "Tata Steel IND Blitz Open"]
[Site "Kolkata IND"]
[Date "2023.09.09"]
[Round "17.4"]
[White "Praggnanandhaa, R."]
[Black "Gukesh, D."]
[Result "1-0"]
[WhiteElo "2727"]
[BlackElo "2758"]
[PlyCount "99"]
[EventDate "2023.09.08"]
[EventType "blitz"]

1. Nf3 d5 2. g3 c6 3. Bg2 Bg4 4. O-O Nd7 5. h3 Bh5 6. d3 e5 7. c4 dxc4 8. dxc4 Ngf6 9. Nc3 Be7 ({RR} 9... Bc5 10. Nh4 O-O 11. Qc2 Re8 12. b3 Bg6 13. Nxg6 hxg6 14. Bb2 Qe7 15. Rad1 Rad8 16. e3 Ba3 17. Ba1 Bb4 18. Ne4 Nxe4 19. Bxe4 f5 20. Bf3 e4 21. Be2 Bd6 22. Bd4 c5 23. Bc3 Be5 24. Rd5 {Praggnanandhaa,R (2684)-Maghsoodloo,P (2719) Kolkata IND 2022 1-0 (38)}) 10. Nh4 O-O 11. b3 $146 ({RR} 11. Qc2 Re8 12. b3 Qc7 13. Bb2 a5 14. e3 Nb6 15. g4 Bg6 16. Nxg6 hxg6 17. Rac1 a4 18. c5 Bxc5 19. Nb5 cxb5 20. Qxc5 Qxc5 21. Rxc5 axb3 22. axb3 Ra2 23. Rb1 Nfd7 24. Rxb5 Rc8 25. Bxe5 Nxe5 {Coro,L (2316)-Orrego Palermo,M (2019) Buenos Aires ARG 2024 1-0}) 11... Qc7 12. Nf5 Bb4 13. Bb2 Rfd8 14. Qc2 Bg6 15. e4 Bf8 16. Nh4 Nc5 17. Rad1 a5 18. Nxg6 hxg6 19. Ne2 Ne6 20. Qc3 Nd7 21. h4 Bb4 22. Qc2 Bc5 23. Bh3 Ndf8 24. Kg2 a4 25. Bc3 axb3 26. axb3 Bd4 27. Bxd4 Nxd4 28. Nxd4 exd4 29. c5 Qe7 30. f3 Ra5 31. b4 Ra3 32. Rd3 Rda8 33. Rf2 Qe5 34. Qc4 Rxd3 35. Qxd3 Ra4 36. Qb3 Ra1 37. Rd2 Qb8 38. Qb2 Qa7 39. Qxd4 Qa6 40. Kh2 Rb1 41. Bg2 Qa3 42. Qe5 Ne6 43. Rd7 Qxb4 44. Qb8+ Kh7 45. Rxf7 Qxc5 46. Qe8 Qg1+ 47. Kh3 Rb2 48. Qxe6 Rxg2 49. Qe5 Rh2+ 50. Kg4 1-0